Normal view
MARC view
- الحسني، سارة بنت محمد صالح
Entry Personal Name
001 - CONTROL NUMBER
- control field: 63173
003 - CONTROL NUMBER IDENTIFIER
- control field: JO-AjAnu
005 - DATE AND TIME OF LATEST TRANSACTION
- control field: 20230606084319.0
008 - FIXED-LENGTH DATA ELEMENTS
- fixed length control field: 230606|| aca||aabn | a|a d
040 ## - CATALOGING SOURCE
- Original cataloging agency: JO-AjAnu
- Transcribing agency: JO-AjAnu
100 ## - HEADING--PERSONAL NAME
- Personal name: الحسني، سارة بنت محمد صالح
670 ## - SOURCE DATA FOUND
- Source citation: Work cat.: (JO-AjAnu)32209: الحسني، سارة بنت محمد صالح, author, جهود الدكتور ماجد عرسان الكيلاني- رحمه الله- في خدمة الثقافة الاسلامية